| 000 | 00542nam a2200181Ia 4500 | ||
|---|---|---|---|
| 001 | 14426 | ||
| 005 | 20260306164913.0 | ||
| 008 | 260306t2011||||xx |||||||||||||| ||spa|| | ||
| 041 | _aESP | ||
| 082 |
_a515 _bA64A V. 2 |
||
| 100 |
_aApostol, Tom M. _eAUT |
||
| 245 | 0 |
_aCalculus II: _bcálculo con funciones de varias variables y álgebra lineal, con aplicaciones para ecuaciones diferenciales y probabilidades |
|
| 260 | _c2011 | ||
| 300 |
_axxii, 813 páginas : _c21 cm. |
||
| 650 | _aGEN | ||
| 654 | _aCMA | ||
| 942 |
_cLIB _dJUS _fJUS _2ddc _n |
||
| 999 |
_c14426 _d14426 |
||